000 00997cam a22002654a 4500
001 11835863
005 20260122195902.0
008 991104s2000 caua 001 0 eng
020 _a0764552317
_qpbk. : alk. paper
020 _a9780764552311
_q(pbk. : alk. paper)
050 0 0 _aHG179.
_bT97 2000
082 0 0 _a332.024
_221
100 1 _aTyson, Eric
_q(Eric Kevin)
245 1 0 _aPersonal finance for dummies /
_cby Eric Tyson.
250 _a3rd ed.
260 _aFoster City, CA :
_bIDG Books Worldwide,
_cc2000.
300 _axxx, 470 p. :
_bill. ;
_c24 cm.
440 0 _a--For dummies
500 _aIncludes index.
650 0 _aFinance, Personal.
856 4 1 _3Table of contents only
_uhttp://www.loc.gov/catdir/toc/wiley022/99068615.html
856 4 2 _3Contributor biographical information
_uhttp://www.loc.gov/catdir/enhancements/fy0607/99068615-b.html
856 4 2 _3Publisher description
_uhttp://www.loc.gov/catdir/enhancements/fy0607/99068615-d.html
942 _2lcc
_cBK
_e3rd Ed.
_n0
999 _c8632
_d8632